Catálogo
 En Linea

Orientaciones para una educación en y desde la diversidad / (Registro nro. 52134)

Detalles MARC
000 -CABECERA
campo de control de longitud fija 01875nam a2200301 a 4500
003 - IDENTIFICADOR DEL NÚMERO DE CONTROL
campo de control DO-SdBNP
005 - FECHA Y HORA DE LA ÚLTIMA TRANSACCIÓN
campo de control 20220705080720.0
007 - CAMPO FIJO DE DESCRIPCIÓN FÍSICA--INFORMACIÓN GENERAL
campo de control de longitud fija ta
008 - DATOS DE LONGITUD FIJA--INFORMACIÓN GENERAL
campo de control de longitud fija 220704e2017 dr a|||fr|||| 001 0 spa d
020 ## - NÚMERO INTERNACIONAL ESTÁNDAR DEL LIBRO
Número Internacional Estándar del Libro 9789945907100
040 ## - FUENTE DE LA CATALOGACIÓN
Centro catalogador/agencia de origen DO-SdBNP
Lengua de catalogación spa
Centro/agencia transcriptor BNPHU
082 #4 - NÚMERO DE LA CLASIFICACIÓN DECIMAL DEWEY
Número de edición 22
Número de documento/Ítem G216o
100 1# - ENTRADA PRINCIPAL--NOMBRE DE PERSONA
9 (RLIN) 78166
Nombre de persona Garcìa Romero, Dinorah
245 ## - MENCIÓN DE TÍTULO
Título Orientaciones para una educación en y desde la diversidad /
Mención de responsabilidad, etc. Dinorah García Romero
260 ## - PUBLICACIÓN, DISTRIBUCIÓN, ETC.
Lugar de publicación, distribución, etc. Santo Domingo:
Nombre del editor, distribuidor, etc. Fundación MAPFRE,
Fecha de publicación, distribución, etc. 2017
300 ## - DESCRIPCIÓN FÍSICA
Extensión 95 p. :
Otras características físicas il. :
Dimensiones 28 cm.
504 ## - NOTA DE BIBLIOGRAFÍA, ETC.
Nota de bibliografía, etc. Incluye bibliografía: p. 93- 95
505 0# - NOTA DE CONTENIDO CON FORMATO
Nota de contenido con formato Presentación.
505 0# - NOTA DE CONTENIDO CON FORMATO
Nota de contenido con formato Introducción.
Información miscelánea Primera Parte.
Título Capítulo I: Constextualización del tema-problema sobre la diversidad.--
-- Capítulo II: Fundación socioeducativa y pedagógica.--
-- Capítulo III: Destinatarios y Porpósitos.--
-- Capítulo IV: Epistemología de la diversidad.--
-- Capítulo V: Sujetos de la educación desde la diversidad.--
-- Capítulo VI: Perfiles de los contextos de atención a la diversidad.--
-- Capítulo VII: Ideas claves.--
Información miscelánea Segunda Parte.
Título Capítulo VIII: Orientaciones en y para la educación desde la diversidad.--
Información miscelánea Tercera Parte.
Título Capítulo IX: Articulación de la Orientaciones con la legislación educativa del país.--
-- Capítulo X: Articulación de las Orientaciones para la Educación en y desde la Diversidad con el currículo dominicano.--
-- Capítulo XI: Escenarios para la aplicación de las Orientaciones.--
-- Capítulo XII: Actividades prácticas.
590 ## - NOTA LOCAL (RLIN)
Nota local Inventariado 2022 / MF
650 #4 - PUNTO DE ACCESO ADICIONAL DE MATERIA--TÉRMINO DE MATERIA
9 (RLIN) 78962
Término de materia o nombre geográfico como elemento de entrada Identidad sexual
650 #4 - PUNTO DE ACCESO ADICIONAL DE MATERIA--TÉRMINO DE MATERIA
9 (RLIN) 52271
Término de materia o nombre geográfico como elemento de entrada Educción Sexual
Subdivisión de forma Diversidad de Género
Subdivisión geográfica República Dominicana
650 #4 - PUNTO DE ACCESO ADICIONAL DE MATERIA--TÉRMINO DE MATERIA
9 (RLIN) 9457
Término de materia o nombre geográfico como elemento de entrada Relaciones Interpersonales
650 #0 - PUNTO DE ACCESO ADICIONAL DE MATERIA--TÉRMINO DE MATERIA
9 (RLIN) 74747
Término de materia o nombre geográfico como elemento de entrada Psicopedagogía
Subdivisión de forma Diversidad de Género
Subdivisión general Orientación Estudiantil
710 ## - PUNTO DE ACCESO ADICIONAL--NOMBRE DE ENTIDAD CORPORATIVA
9 (RLIN) 6374
Nombre de entidad corporativa o nombre de jurisdicción como elemento de entrada Centro Cultural Poveda
Término indicativo de función/relación ed.
910 ## - DATOS DE OPCIÓN DEL USUARIO (OCLC)
Datos de opción del usuario MFeliz
942 ## - ELEMENTOS DE PUNTO DE ACCESO ADICIONAL (KOHA)
Fuente del sistema de clasificación o colocación Dewey Decimal Classification
Tipo de ítem Koha Libro
Existencias
Estado de retiro Estado de pérdida Fuente del sistema de clasificación o colocación Restricciones de uso No para préstamo Código de colección Localización permanente Ubicación/localización actual Ubicación en estantería Fecha de adquisición Fuente de adquisición Signatura topográfica completa Código de barras Fecha visto por última vez Número de copia Precio válido a partir de Tipo de ítem Koha
    Dewey Decimal Classification Excluido de préstamo   Patrimonio Dominicano Biblioteca Nacional Pedro Henríquez Ureña Biblioteca Nacional Pedro Henríquez Ureña En catalogación 23.01.2019 Depósito legal / ISESP G216o 2022-3294 04.07.2022 2 04.07.2022 Libro
    Dewey Decimal Classification Excluido de préstamo   Patrimonio Dominicano Biblioteca Nacional Pedro Henríquez Ureña Biblioteca Nacional Pedro Henríquez Ureña En catalogación 23.01.2019 Depósito legal / ISESP G216o 2022-3028 04.07.2022   04.07.2022 Libro

Con tecnología Koha